Technologies of distributed data storage systems for numerical simulation of materials; Bulletin of the Lebedev Physics Institute; Vol. 43, iss. 12
| Parent link: | Bulletin of the Lebedev Physics Institute Vol. 43, iss. 12.— 2016.— [P. 375-377] |
|---|---|
| Erakunde egilea: | |
| Beste egile batzuk: | , , , |
| Gaia: | Title screen A method for structuring experimental data for applications in software packages for simulating materials is considered. A unified transport file (UTF) is proposed for data exchange between network nodes. In the study of data structuring algorithms, the data retrieval rate in the storage system was estimated under conditions of increasing data base content. Режим доступа: по договору с организацией-держателем ресурса |
| Hizkuntza: | ingelesa |
| Argitaratua: |
2016
|
| Gaiak: | |
| Sarrera elektronikoa: | http://dx.doi.org/10.3103/S1068335616120095 |
| Formatua: | MixedMaterials Baliabide elektronikoa Liburu kapitulua |
| KOHA link: | https://koha.lib.tpu.ru/cgi-bin/koha/opac-detail.pl?biblionumber=654224 |
MARC
| LEADER | 00000naa0a2200000 4500 | ||
|---|---|---|---|
| 001 | 654224 | ||
| 005 | 20260310141947.0 | ||
| 035 | |a (RuTPU)RU\TPU\network\19762 | ||
| 090 | |a 654224 | ||
| 100 | |a 20170415d2016 k||y0rusy50 ba | ||
| 101 | 0 | |a eng | |
| 102 | |a US | ||
| 135 | |a drnn ---uucaa | ||
| 181 | 0 | |a i | |
| 182 | 0 | |a b | |
| 200 | 1 | |a Technologies of distributed data storage systems for numerical simulation of materials |f A. M. Zakharov [et al.] | |
| 203 | |a Text |c electronic | ||
| 300 | |a Title screen | ||
| 320 | |a [References: 8 tit.] | ||
| 330 | |a A method for structuring experimental data for applications in software packages for simulating materials is considered. A unified transport file (UTF) is proposed for data exchange between network nodes. In the study of data structuring algorithms, the data retrieval rate in the storage system was estimated under conditions of increasing data base content. | ||
| 333 | |a Режим доступа: по договору с организацией-держателем ресурса | ||
| 461 | |t Bulletin of the Lebedev Physics Institute | ||
| 463 | |t Vol. 43, iss. 12 |v [P. 375-377] |d 2016 | ||
| 610 | 1 | |a электронный ресурс | |
| 610 | 1 | |a труды учёных ТПУ | |
| 610 | 1 | |a программное обеспечение | |
| 610 | 1 | |a моделирование | |
| 610 | 1 | |a системы хранения | |
| 610 | 1 | |a данные | |
| 610 | 1 | |a разнородные критерии | |
| 701 | 1 | |a Zakharov |b A. M. |g Aleksey Mikhaylovich | |
| 701 | 1 | |a Казарян |b М. А. |c физик |c профессор, ведущий научный сотрудник Физического института им. П. Н. Лебедева РАН |f 1948- |g Мишик Айразатович |3 (RuTPU)RU\TPU\pers\17155 |9 6294 | |
| 701 | 1 | |a Obkhodskiy |b A. V. |c specialist in the field of nuclear power engineering |c Associate Professor of Tomsk Polytechnic University, Candidate of technical science |f 1982- |g Artem Viktorovich |3 (RuTPU)RU\TPU\pers\32672 | |
| 701 | 1 | |a Popov |b A. S. |c physicist |c Design Engineer of Tomsk Polytechnic University |f 1992- |g Aleksandr Sergeevich |3 (RuTPU)RU\TPU\pers\38306 | |
| 712 | 0 | 2 | |a Национальный исследовательский Томский политехнический университет |c (2009- ) |9 26305 |
| 801 | 2 | |a RU |b 63413507 |c 20170415 |g RCR | |
| 856 | 4 | |u http://dx.doi.org/10.3103/S1068335616120095 | |
| 942 | |c CF | ||